00941cam a22002411a 4500001001300000003000400013005001700017008004100034010001700075035002000092040005200112042001200164050001500176100002400191245004400215260007900259300001900338490007900357504002600436505019300462650002700655999001700682e 28000517 DLC20260227111218.0861023s1925 pr s000 0 eng c ae 28000517  a(OCoLC)14511524 aLibrary, U.S. Dept. of EducationcCtUdCtUdDLC apremarc00aTX725b.W61 aWillsey, Elsie Mae.10aTropical foods /cby Elsie Mae Willsey. aSan Juan, P.R. :bBureau of Supplies, Printing, and Transportation,c1925. a3 v. ;c23 cm.0 aBulletin / Puerto Rico. Dept. of Education ;vno. 3, 1925, whole number 62 aBibliography: p. [30]0 aBulletin no. 1 Vegetables : chayote, yautia, plantain, banaana -- Bulletin no. 2 Vegetables : arracacha, breadfruit, casava, leren, malanga -- Bulletin no. 3 Vegetables : rice and legumes. 0aCooking, Puerto Rican. c20931d20931